000 00342nam a2200157Ia 4500
100 _aLafore robert
250 _a3
942 _cBK
654 _aProgramming C++
245 _aObject oriented programming in C++
260 _bGalgotia
_aNew Delhi
_c2000
082 _a004.2'C'++
_bLAF
300 _a925
546 _aENGLISH
999 _c19594
_d19594